000
00286nam a2200109Ia 4500
008
200302s9999 xx 000 0 und d
100
_a
Subhash C. Saxena
245
_a
Airport Engineering Planning And Design
260
_b
CBS Publishers & Distributors
260
_c
2013
300
_a
399 P
999
_c
4237
_d
4237